Transculturality in the internet: culture flows and virtual publics /

Guardat en:
Dades bibliogràfiques
Autor principal: Schachtner, Christina
Format: Llibre
Idioma:English
Etiquetes: Afegir etiqueta
Sense etiquetes, Sigues el primer a etiquetar aquest registre!

MARC

LEADER 00000nam a22000007a 4500
003 cru CIDCACS/IIS
005 20171130091404.0
007 ta
008 171130s2015 -uk|||p|r||||||0| ||eng d
999 |c 40676  |d 40676 
040 |c cru CIDCACS/IIS 
100 1 |9 6156  |a Schachtner, Christina 
245 1 |a Transculturality in the internet:  |b culture flows and virtual publics /  |c Christina Schachtner 
300 |a páginas 228-243 
773 0 |0 18701  |9 1658  |d Los Angeles: SAGE Publications  |o 18369  |t Current Sociology /  |x 00113921 
942 |2 ddc  |c PP